000 00671nam a2200241 i 4500
001 C2-0303451
003 PPAK
005 20180728084336.0
008 100324s2005 enka|||| ||||| | eng d
020 _a9781841354200
040 _aPPAK
_beng
_cPPAK
_erda
082 0 4 _a823
_223
090 0 0 _a823
_bBLY
_dK
100 1 _aBlyton, Enid,
_eauthor
245 1 4 _aThe magic snow-bird and other stories
264 1 _aLondon :
_bAward Publications ,
_c2005
300 _a192 pages :
_billustrations ;
_c19 cm
336 _2rdacontent
_atext
337 _2rdamedia
_aunmediated
338 _2rdacarrier
_avolume
650 1 0 _aChildren's stories, English
942 _ddc
_cB
999 _c106701
_d106701